1601 1716 1846 1505 1537 1318 1208 1050 1192 1713 1843 1675 1586 1901 1806 1183 1976 1603 1667 1755 1008 1897 1432 1628 1627 1834 1094 1372 1481 1888 1056 1694 1970 1854 1404 1841 1682 1631 1683 1740 1600 1780 1080 1374 1425 1848 1333 1514 1838 1939 1976 1656 1515 1772 1545 1509 1083 1839 1442 1726 1475 1349 1115 1109 1231 1195 1827 1865 1137 1541 1148 1828 1339 1396 1880 1648 1697 1161 1861 1765 1319 1298 1811 1488 1800 1631 1079 1180 1124 1199 1699 1357 1845 1207 1790 1797 1933 1255 1258 BCNSPRNW ULIB Ver.6.0+V

เปลี่ยนเป็นภาษาไทย

Change to English
 แสดงรายละเอียดบรรณานุกรม
  กลับหน้าหลัก

Brief Record : Get Marc (ISO 2709) : E-mail record : QR code < ปิดหน้าต่าง
LEADER : 00000nam 2200000uu 4500
001    13399128911
003     ULIB
008    241028s2023||||th 000 0 tha d
020    ^a9780702081910
060 04 ^aWQ165^bJ68S
100 1  ^aJohnson, Ruth
245 10 ^aSkills for midwifery practice /^cRuth Johnson, WendyTaylor
250    ^a5th ed.
260    ^aEdinburgh :^bElsevier/Churchill Livingstone,^c2023
300    ^aix, 368 p. :^bill. ;^c25 cm.
504    ^aIncludes bibliographical references and index
650  2 ^aMidwifery^xmethods^vHandbooks
700 1  ^aTaylor, Wendy,^d1956-
945    ^p1793^l0^i011158
999    ^aประนอม เกษจรัล
รายการนี้ยังไม่มีแท็ก
คุณยังไม่ได้ล็อกอิน คุณสามารถมีกิจกรรมร่วมกับเว็บไซต์ได้ แต่ต้องล็อกอินก่อน ::
  ล็อกอิน

รายการสื่อสารสนเทศ

ลำดับที่ ประเภท เลขเรียก/บาร์โค้ด สถานที่ สถานะ
1. วิทยาศาสตร์การแพทย์ และสุขภาพ
หนังสือสำรอง
สถานะ=หนังสือสำรอง
WQ165 J68S ฉ.1 
  Barcode: 011158
ห้องสมุดวิทยาเขตสวรรค์ประชารักษ์
►หนังสือทั่วไป
บนชั้น

รายการใกล้เคียง
    ผู้แต่ง [Johnson, Ruth]

BibComment


ยังไม่เคยถูกคอมเมนท์

คอมเมนท์ทรัพยากรรายการนี้
  คอมเมนท์: Skills for midwi..


 Copyright 2026. Bcnsprnw @Library